Major rivers from Tibet - Statistics

General Stats
  • This quiz has been taken 12 times
  • The average score is 6 of 10
Answer Stats
Length (km) Flows through River % Correct
5,464 China Yellow
100%
4,350 China, Myanmar, Thailand, Laos, Cambodia, Vietnam Mekong
92%
6,300 China Yangtze
92%
3,180 China, Kashmir, Pakistan Indus
83%
2,900 China, India, Bangladesh Brahmaputra
75%
2,288 China, Myanmar Irrawaddy
58%
3,289 China, Myanmar, Thailand Salween
42%
1,450 China, India, Pakistan Sutlej
33%
1,080 China, Nepal, India Karnali
17%
1,125 China, India Yarlung Tsangpo
17%
No matching quizzes found
Score Distribution
Percent of People with Each Score
Percentile by Number Answered
Your Score History
You have not taken this quiz